|
|
|
|
| LEADER |
00000nam a2200000Ii 4500 |
| 001 |
DIGVIETO101 |
| 003 |
NyNyDIG |
| 006 |
m o d |
| 007 |
cr ||||||||||| |
| 008 |
211026s2018 sp a ob 000 0 spa d |
| 035 |
|
|
|a (OCoLC)1282641196
|
| 040 |
|
|
|a DGITA
|b eng
|e rda
|e pn
|c DGITA
|
| 020 |
|
|
|z 9788417700010
|q impreso
|
| 043 |
|
|
|a e-sp---
|
| 050 |
1 |
4 |
|a HQ649 ebook
|
| 100 |
1 |
|
|a Sánchez Mira, Núria,
|e author.
|
| 245 |
1 |
0 |
|a Trabajo y hogar :
|b un análisis de género y clase en un contexto de crisis /
|c Núria Sánchez Mira ; presentación de Alfons Labrador ; prólogo de Joan Miquel Verd Pericàs y Fausto Miguélez.
|
| 264 |
|
1 |
|a Vilassar de Dalt (Barcelona) :
|b El Viejo Topo,
|c 2018.
|
| 300 |
|
|
|a 1 online resource :
|b illustrations.
|
| 336 |
|
|
|a text
|b txt
|2 rdacontent
|
| 337 |
|
|
|a computer
|b c
|2 rdamedia
|
| 338 |
|
|
|a online resource
|b cr
|2 rdacarrier
|
| 347 |
|
|
|a text file
|2 rdaft
|
| 347 |
|
|
|b EPUB
|
| 347 |
|
|
|b PDF
|
| 504 |
|
|
|a Includes bibliographical references.
|
| 588 |
0 |
|
|a Online resource; title from ePub title page (Digitalia, viewed October 26, 2021)
|
| 650 |
|
0 |
|a Households
|z Spain
|x History.
|
| 650 |
|
0 |
|a Households
|x Social aspects
|z Spain.
|
| 650 |
|
0 |
|a Sexual division of labor
|z Spain
|x History.
|
| 650 |
|
0 |
|a Women
|z Spain
|x Social conditions.
|
| 655 |
|
0 |
|a Electronic books.
|
| 700 |
1 |
|
|a Labrador, Alfons,
|e contributor agent of text.
|
| 700 |
1 |
|
|a Verd Pericàs, Joan Miquel,
|e contributor agent of text.
|
| 700 |
1 |
|
|a Miguélez Lobo, Faustino,
|e contributor agent of text.
|
| 791 |
2 |
|
|a Digitalia (Firm),
|e distributor.
|
| 793 |
0 |
|
|g Digitalia eBook Collection:
|a El Viejo Topo
|
| 776 |
0 |
8 |
|i Print version:
|a Sánchez Mira, Núria.
|t Trabajo y hogar.
|d Vilassar de Dalt (Barcelona) : El Viejo Topo, 2018
|z 9788417700010
|
| 856 |
4 |
0 |
|3 Digitalia Hispánica
|u https://www.digitaliapublishing.com/a/57880/
|
| 910 |
|
|
|a Premium collection: 2021
|